00337nam a2200133Ia 4500008004100000041000800041082001600049100001600065245005100081260002600132300000800158650001800166999001900184230516s9999 xx 000 0 und d aeng a612.015/GUP aGUPTA R.C.  aPRACTICAL BIOCHEMISTRY AND CLINICAL PATHOLOGY  bCBS Publicationc2014 a245 aBIOCHEMISTRY  c393083d393083